Maria madre del Signore, immagine della Chiesa (Record n. 340892)
[ formato base ]
| 000 -LEADER | |
|---|---|
| fixed length control field | 01132nam a2200265Ia 4500 |
| 001 - CONTROL NUMBER | |
| control field | 232.91-THU ma ma (8094) |
| 003 - CONTROL NUMBER IDENTIFIER | |
| control field | IT-MiSPE |
| 008 - FIXED-LENGTH DATA ELEMENTS--GENERAL INFORMATION | |
| fixed length control field | 171229s9999||||xx |||||||||||||| ||und|| |
| 040 ## - CATALOGING SOURCE | |
| Original cataloging agency | IT-MiSPE |
| Transcribing agency | IT-MiSPE |
| 041 ## - LANGUAGE CODE | |
| Language code of text/sound track or separate title | ITALIANO |
| 999 ## - SYSTEM CONTROL NUMBERS (KOHA) | |
| Koha Dewey Subclass [OBSOLETE] | NO |
| 100 ## - MAIN ENTRY--PERSONAL NAME | |
| Personal name | Max Thurian |
| 240 ## - UNIFORM TITLE | |
| Uniform title | Marie Mère du Seigneur, figure de l'Eglise |
| 245 #0 - TITLE STATEMENT | |
| Title | Maria madre del Signore, immagine della Chiesa |
| 250 ## - EDITION STATEMENT | |
| Edition statement | 7 rist. |
| 260 ## - PUBLICATION, DISTRIBUTION, ETC. (IMPRINT) | |
| Place of publication, distribution, etc. | Brescia |
| Name of publisher, distributor, etc. | Morcelliana |
| Date of publication, distribution, etc. | 1987 |
| 300 ## - PHYSICAL DESCRIPTION | |
| Extent | 269 p. |
| Dimensions | 21 cm |
| 500 ## - GENERAL NOTE | |
| General note | Mariologia |
| 501 ## - WITH NOTE | |
| With note | Edizioni San Paolo srl - Piazza Soncino, 5 - 20092 CINISELLO BALSAMO (MI) (non commercial uses only) ® Copyright 2018 |
| 520 ## - SUMMARY, ETC. | |
| Summary, etc. | Giulio Bevilacqua (pref.) |
| 700 ## - ADDED ENTRY--PERSONAL NAME | |
| Personal name | Emilio Marini |
| Miscellaneous information | (traduzione) |
| 700 ## - ADDED ENTRY--PERSONAL NAME | |
| Personal name | Giulio Bevilacqua |
| 942 ## - ADDED ENTRY ELEMENTS (KOHA) | |
| Koha item type | LIBRO |
| 957 ## - | |
| -- | 1 |
| 999 ## - SYSTEM CONTROL NUMBERS (KOHA) | |
| -- | Copie: 1 |
| Withdrawn status | Lost status | Damaged status | Not for loan | Home library | Current library | Date acquired | Total Checkouts | Full call number | Date last seen | Price effective from | Koha item type | Public note |
|---|---|---|---|---|---|---|---|---|---|---|---|---|
| Buone Condizioni | Not For Loan | CINISELLO | CINISELLO | 30/12/2017 | 232.91-THU ma ma (8094) | 30/12/2017 | 30/12/2017 | LIBRO | (data import: 20 dicembre 2017) - By Epidotti, Vaglietti. |